ロード中...

Educational philosophy of Swami Dayanand

書誌詳細
第一著者: Ragunath Safaya; Dwarikanate Bhan
フォーマット: Printed Book
出版事項: Ambala Associated Publishers 1979
主題:
LEADER 00497nam a2200157 4500
082 |a 370.1 RAG-E 
100 |a Ragunath Safaya; Dwarikanate Bhan 
245 |a Educational philosophy of Swami Dayanand 
250
260 |a Ambala  |b Associated Publishers  |c 1979 
300
490
650 |a Philosophy & theories of education 
942 |c BK 
999 |c 225318  |d 225318 
952 |0 0  |1 0  |4 0  |6 370_100000000000000_RAGE  |7 0  |9 239451  |a SDE  |b SDE  |d 2019-12-12  |l 0  |o 370.1 RAG-E  |p SDE4633  |r 2019-12-12  |w 2019-12-12  |y BK